000
00343nam a2200133Ia 4500
008
231129s9999||||xx |||||||||||||| ||spa||
020
_a
958-30-0040-6
040
_b
spa
082
_a
797.21 P434n
100
_a
Perea Rosero Tucidides
245
0
_a
Natacion
264
_a
Panamericana
942
_2
ddc
_c
BKS
999
_c
21608
_d
21608